000 00686nam a2200265Ia 4500
005 20260302114309.0
008 008 260114s9999 xx 000 0 eng d
020 _a9781350149328
037 _aTextbook
040 _aCRL
040 _beng
040 _cCRL
041 _2eng
041 _aeng
084 _qCRL
100 _aSteven D. Hales
_91118355
245 4 _aThe Myth of Luck Philosophy, Fate, and Fortune
260 _bBloomsbury
260 _bBloomsbury Academic
260 _c2020
650 _aPhilosophy
856 _uhttps://dx.doi.org/10.5040/9781350149328?locatt=label:secondary_bloomsburyCollections
942 _cEBOOK
999 _c1682040
_d1682040